Logo CIB grande

FISICA: VOLUMEN II CAMPOS Y ONDAS (Registro nro. 193944)

Detalles MARC
000 -LEADER
campo de control de longitud fija 00585nam a2200241Ia 4500
005 - FECHA Y HORA DE LA ÚLTIMA TRANSACCIÓN
campo de control 20250425160658.0
008 - DATOS DE LONGITUD FIJA--INFORMACIÓN GENERAL
campo de control de longitud fija 250425s9999 xx 000 0 und d
020 ## - NÚMERO INTERNACIONAL ESTÁNDAR DEL LIBRO
Número Internacional Estándar del Libro 0201002809
041 ## - CÓDIGO DE IDIOMA
Código de lengua del texto/banda sonora o título independiente spa
082 ## - NÚMERO DE LA CLASIFICACIÓN DECIMAL DEWEY
Número de clasificación 530
010 ## - NÚMERO DE CONTROL DE LA BIBLIOTECA DEL CONGRESO
Número de control de LC 2098
100 ## - ENTRADA PRINCIPAL--NOMBRE DE PERSONA
Nombre de persona ALONSO, MARCELO
245 #0 - MENCIÓN DEL TÍTULO
Título FISICA: VOLUMEN II CAMPOS Y ONDAS
250 ## - MENCION DE EDICION
Mención de edición 1A ED.
260 ## - PUBLICACIÓN, DISTRIBUCIÓN, ETC.
Lugar de publicación, distribución, etc. Estados Unidos
Nombre del editor, distribuidor, etc. ADDISON WESLEY IBEROAMERICANA
Fecha de publicación, distribución, etc. 1987
260 ## - PUBLICACIÓN, DISTRIBUCIÓN, ETC.
Lugar de publicación, distribución, etc. WILMINGTON
300 ## - DESCRIPCIÓN FÍSICA
Extensión 472
650 ## - PUNTO DE ACCESO ADICIONAL DE MATERIA--TÉRMINO DE MATERIA
Término de materia o nombre geográfico como elemento de entrada FISICA
650 ## - PUNTO DE ACCESO ADICIONAL DE MATERIA--TÉRMINO DE MATERIA
Término de materia o nombre geográfico como elemento de entrada ONDAS
650 ## - PUNTO DE ACCESO ADICIONAL DE MATERIA--TÉRMINO DE MATERIA
Término de materia o nombre geográfico como elemento de entrada TEORIA DE CAMPOS (FISICA)
700 ## - ENTRADA AGREGADA--NOMBRE PERSONAL
Nombre de persona FINN, EDWARD J.
942 ## - ELEMENTOS DE ENTRADA SECUNDARIOS (KOHA)
Tipo de ítem Koha Libros
Existencias
Estatus retirado Estado de pérdida Estado de daño No para préstamo Biblioteca de origen Biblioteca actual Ubicación en estantería Fecha de adquisición Coste, precio normal de compra Etiqueta RFID Total de préstamos Código de barras Copia número Tipo de ítem Koha
        CENTRO DE INFORMACIÓN BIBLIOTECARIA CENTRO DE INFORMACIÓN BIBLIOTECARIA   29/07/2004 7.00 0000000000000000009375   31564 1 Libros
        CENTRO DE INFORMACIÓN BIBLIOTECARIA CENTRO DE INFORMACIÓN BIBLIOTECARIA   25/08/2004 7.00 0000000000000000009374   31565 2 Libros

Copyright 2025 ESPOL. Todos los derechos reservados.